| 000 | nam a22 4500 | ||
|---|---|---|---|
| 999 |
_c28222 _d28222 |
||
| 008 | 170223b xxu||||| |||| 00| 0 eng d | ||
| 020 | _a9780558368883 | ||
| 020 | _a0558368883 | ||
| 050 | _aQA 37.2 .G65 2010 | ||
| 100 | _aGoldstein, Larry J | ||
| 245 | _aFinite mathematics and its applications/ | ||
| 260 |
_aUpper Saddle River N.J : _bPrentice Hall, _c2010. |
||
| 300 |
_axii, 562 [70]p. : _bill. ; _c25 cm. |
||
| 500 | _aIncludes index. | ||
| 650 | _aMathematics. | ||
| 700 | _aSchneider, David I | ||
| 700 | _aSiegel, Martha J. | ||
| 942 |
_2lcc _cBOOKS _hQA 37.2 .G65 2010 |
||